000 00726nam a22002537a 4500
003 CHAP
005 20220329140315.0
008 971013s r 00010 d
010 _a50133
011 _a51105
035 _a55255
040 _cCHAP
090 _aR-3058
100 0 0 _aPhipps, J. B.
_987852
245 _aDendrogram topology
_b: capacity and retrieval
500 _aSobretiro de: Can. J. Bot. 54 : 679-685, 1976.
590 _aBATCH-UPD
_b10
_c20130110
_lUCH01
_h0529
590 _aBATCH-UPD
_b10
_c20130914
_lUCH01
_h1848
590 _aCONVERSION
_b10
_c20130109
_lUCH01
_h1327
650 1 4 _aÁrboles
_xCrecimiento.
_96583
901 _aBK
942 _cREIMP
949 _aR-3058
_bBC
_cR
_d-121356
_eTS1
_i55255
_si
999 _c50133
_d50133